000 00464nam a2200181Ia 4500
001 18052
005 20260306171602.0
008 260306s9999||||xx |||||||||||||| ||und||
041 _aESP
082 _a658.4
_bF38
100 _aArbaiza Fermini, Lydia,
_eAUT
245 0 _aDesarrollo de competencias gerenciales :
_bun modelo alternativo
260 _c2011
300 _a260 páginas :
_c24 cm.
650 _aGEN
654 _aCAN
942 _cLIB
_dJUS
_fJUS
_2ddc
_n
999 _c18052
_d18052